Italian regions by highest point - Statistics

General Stats
  • This quiz has been taken 23 times
  • The average score is 14 of 20
Answer Stats
Rank Elevation (m) Name Answer % Correct
2 4618 Grenzgipfel Piemonte
100%
1 4810 Monte Bianco/Mont Blanc Valle d'Aosta
100%
3 4021 Punta Perruchetti Lombardia
94%
5 3403 Etna Sicilia
94%
4 3902 Ortles/Ortler Trentino-Alto Adige/Südtirol
94%
6 3342 Marmolada Veneto
88%
7 2912 Corno Grande Abruzzo
82%
8 2780 Monte Coglians Friuli-Venezia Giulia
76%
9 2476 Monte Vettore Marche
71%
10 2458 Monte Gorzano Lazio
65%
19 1834 Punta la Marmora Sardegna
65%
11 2448 Cima del Redentore Umbria
65%
13 2267 Serra Dolcedorne Calabria
59%
18 1923 La Gallinola Campania
59%
20 1152 Monte Cornacchia Apulia
53%
16 2165 Monte Cimone Emilia-Romagna
53%
15 2201 Monte Saccarello Liguria
53%
14 2242 Monte Meta Molise
53%
17 2054 Monte Prado Toscana
53%
12 2267 Serra Dolcedorne Basilicata
47%
No matching quizzes found
Score Distribution
Percent of People with Each Score
Percentile by Number Answered
Your Score History
You have not taken this quiz